[Event "40th IND-chT Open 2020"]
[Site "Ahmedabad"]
[Date "2020.02.11"]
[Round "7.1"]
[White "Adhiban, B.."]
[Black "Narayanan, Srinath"]
[Result "1-0"]
[WhiteElo "2654"]
[BlackElo "2535"]
[Annotator "TA"]
[PlyCount "103"]
[EventDate "2020.02.05"]
[EventCountry "IND"]
[SourceTitle "playchess.com"]
[Source "ChessBase"]
[SourceQuality "1"]

{[%evp 13,103,0,0,0,8,0,0,0,6,22,20,0,18,17,35,28,23,16,20,0,2,7,12,13,11,0,0,0,0,0,0,0,0,0,0,0,0,-1,-1,-6,-6,-20,0,0,0,0,0,0,0,0,0,0,0,0,0,0,0,0,0,0,0,0,0,0,0,0,0,0,0,0,0,0,975,452,459,301,5754,10184,12837,12838,12838,12839,12839,12839,12839,12840,12845,12845,12845,12846,12846,12847]} 1. d4 Nf6 2. c4 e6 3. Nf3 d5 4. Nc3 Bb4 5. e3 O-O 6. Bd2 b6 7. cxd5 exd5 8. Rc1 {E51: Nimzo-Indian: Rubinstein: 4...0-0 5 Nf3 d5.} Bb7 9. Bd3 Be7 {outshines the older 9...a6.} 10. O-O {The position is equal.} c5 11. dxc5 bxc5 12. Re1 Nc6 13. Bb1 {[#]} Rc8 $146 ({Predecessor:} 13... Rb8 14. e4 dxe4 15. Nxe4 Nd4 16. Bc3 Nxe4 17. Bxe4 Bf6 18. Qd3 h6 19. Rcd1 Re8 {½-½ (40) Rakhmanov,A (2645)-Sargissian,G (2689) Moscow 2019}) 14. e4 dxe4 15. Nxe4 Nd4 16. Bc3 {[%cal Rc3d4]} Nxe4 17. Bxe4 Bxe4 18. Rxe4 {[%cal Rc3d4]} Bf6 19. b3 {[%cal Rc3d4]} Re8 20. Rxe8+ Qxe8 21. Bxd4 cxd4 22. Rxc8 Qxc8 23. Ne1 g6 24. h3 h5 25. Nd3 Qc3 26. g4 hxg4 27. hxg4 Be7 28. Qf3 Bd6 29. Kg2 Qc2 30. Qa8+ Kh7 31. Qe4 Qxa2 32. Qd5 Qe2 33. Qxf7+ Kh6 34. Qf3 Qe6 35. b4 Kg5 36. Kh3 a6 {[#]} 37. Nc5 $1 {[%mdl 512]} Bxc5 38. bxc5 $11 {[%mdl 4096] Endgame KQ-KQ} d3 39. Qxd3 Qxg4+ 40. Kh2 {Black must now prevent c6.} Qh4+ 41. Kg2 Qg4+ 42. Kf1 {Strongly threatening c6.} Qe6 $2 {[%mdl 8192] [#]} (42... Qh5 $11) 43. Qc3 $1 $18 Qc6 44. Qe5+ Kg4 $2 (44... Kh6 45. f4 Kh7) 45. Kg1 {White is clearly winning.} a5 {[#]} 46. Qd6 $1 {[%cal Rd6c6]} Qe4 47. c6 {[%cal Bc5c6,Bc6c7][%mdl 32]} Qe1+ 48. Kg2 Qe4+ 49. Kh2 Kh5 50. c7 Qh4+ 51. Kg1 Qg4+ 52. Qg3 {Accuracy: White = 100%, Black = 87%.} 1-0

[Event "40th IND-chT Open 2020"]
[Site "Ahmedabad"]
[Date "2020.02.11"]
[Round "7.2"]
[White "Satyapragyan, Swayangsu"]
[Black "Gupta, Abhijeet"]
[Result "0-1"]
[WhiteElo "2403"]
[BlackElo "2608"]
[Annotator "TA"]
[PlyCount "106"]
[EventDate "2020.02.05"]
[EventCountry "IND"]
[SourceTitle "playchess.com"]
[Source "ChessBase"]
[SourceQuality "1"]

{[%evp 9,106,10,27,8,25,16,29,22,29,19,47,33,46,14,38,52,45,55,58,36,64,60,80,48,91,79,97,16,25,23,27,25,29,0,0,0,0,0,0,-33,-28,-80,-85,-126,-141,-135,-76,-77,-79,-79,0,-19,0,-111,0,-100,-18,-84,-100,-186,-184,-252,-252,-226,-16,-28,-27,-1255,-581,-579,-337,-574,-574,-558,-560,-525,-457,-577,-556,-982,-952,-863,-680,-675,-661,-685,-664,-913,-910,-879,-883,-832,-798,-5919,-5504,-29957,-781,-29970,-29971]} 1. e4 c5 2. Nf3 d6 3. Bb5+ Nd7 4. O-O a6 5. Bd3 Ngf6 6. c3 {B51: Sicilian: Moscow Variation (3 Bb5+) without 3...Bd7.} b5 7. a4 b4 8. Re1 {White has an edge.} e6 9. a5 {[#]} Be7 $146 ({Predecessor:} 9... Bb7 10. cxb4 cxb4 11. Bc2 Qc7 12. d3 Be7 13. Bd2 Rb8 14. d4 O-O 15. Bg5 h6 {½-½ (28) Pachnicke,H (2222)-Jabot,D (2208) ICCF email 2019}) 10. Bc2 O-O 11. d4 cxd4 12. cxd4 Bb7 13. Nbd2 Qc7 14. Nf1 Rac8 15. Bd3 Nb8 16. Ng3 d5 17. e5 $1 {[%cal Re5f6]} Ne4 18. Nxe4 (18. Nd2 $16) 18... dxe4 $11 19. Bxe4 Bxe4 20. Rxe4 Qc2 21. Qe1 Nc6 22. Re2 Qc4 23. Be3 Qd5 24. h4 Nxa5 25. Kh2 (25. Qd1 $11) 25... h6 $17 26. Bf4 Rc6 27. Re4 {next Bxh6! is good for White.} Rfc8 ({Black should try} 27... Nb3 28. Rb1 Rfc8) 28. Bxh6 gxh6 29. Rg4+ Kf8 (29... Kh7 $1 $17 {Threatens to win with ...Nb3.} 30. Rxa5 Qxa5 31. Qe4+ f5 32. exf6+ Qf5 33. fxe7 Qxe4 34. Rxe4 Re8) 30. Qe3 Nb3 31. Qxh6+ Ke8 32. Re1 (32. Rd1 $1 $11 {was the only way to keep the balance.}) 32... Rc2 (32... Kd7 $17 {White should prevent ...Rc2.} 33. Ree4 Rc2) 33. Ree4 (33. Qe3 $11 {remains equal.}) 33... Rxf2 {Strongly threatening ...Rcc2.} ({Reject} 33... Rxb2 $6 34. Ref4 $11) 34. Ref4 {[#]} (34. Qh7 $17 {keeps fighting.} Kd7 35. Ref4) 34... Rxf3 $1 $19 35. gxf3 (35. Rxf3 {was worth a try.} Nxd4 36. Rxf7) 35... Rc2+ {[%mdl 64] Double Attack} 36. Kh3 Qc4 $2 ({Better is} 36... Qb5 $1 $19 {[%cal Rb5f1]} 37. Rg3 Qf1+ 38. Kg4 Qd3) 37. Rg8+ $1 $11 Kd7 38. Qh7 $2 {[%mdl 8192] This costs White the game.} (38. Rb8 $11 Qf1+ 39. Kg4 Rg2+ 40. Kh5 Rg5+ 41. hxg5 Qh3+ 42. Rh4 Qxf3+ 43. Rg4 Qh3+ 44. Rh4 Qf3+ 45. Rg4 Qh3+ 46. Rh4 Qf3+) 38... Qe2 (38... Qf1+ $142 39. Kg4 Rh2 $1 {[%mdl 512]} 40. Rxf7 Qg1+ {[%mdl 64] Double Attack} 41. Kf4 Rxh4+ $1 {[%mdl 512]} 42. Qxh4 Qxd4+ {[%mdl 64] Double Attack} 43. Kg3 Qxh4+ 44. Kg2 Qd4) 39. Rg3 $19 Qh2+ 40. Kg4 Rc8 {( -> ...Rg8+)} 41. Rh3 Qxb2 42. Rxf7 Re8 43. d5 {Black must now prevent dxe6+.} Qxe5 44. dxe6+ Qxe6+ 45. Qf5 Nd4 46. Qxe6+ Kxe6 47. Rg7 b3 {[%cal Bb4b3,Bb3b2][%mdl 32]} 48. f4 b2 49. Rh1 Kf6 50. Rg5 Kf7 51. Ra5 Rg8+ 52. Kh3 {[#]} Ne2 (52... Bxh4 $142 $1 {[%mdl 512]} 53. Ra3 (53. Kxh4 Nf3+) 53... Be7 54. Ra2 Rh8+ 55. Kg3 Rxh1 56. Rxb2 Ra1 57. Rb7 Ke6 58. Ra7 a5 59. Kf2 Ra3 60. Kg2 Bd6 61. Ra8 a4 62. Ra6 Kd5 63. f5 Nxf5 64. Ra8 Nd4 65. Re8 Ra2+ 66. Kh3 a3 67. Kh4 Rh2+ 68. Kg5 Rg2+ 69. Kh5 a2 70. Re1 Bf4 71. Ra1 Ke6 72. Kh4 Kf5 73. Rh1 Rg4+ 74. Kh5 Rg8 75. Kh4 Rh8#) 53. Rb1 Ng1+ {Accuracy: White = 51%, Black = 67%.} 0-1

[Event "40th IND-chT Open 2020"]
[Site "Ahmedabad"]
[Date "2020.02.11"]
[Round "7.3"]
[White "Karthikeyan, Murali"]
[Black "Swayams, Mishra"]
[Result "1/2-1/2"]
[WhiteElo "2602"]
[BlackElo "2485"]
[Annotator "TA"]
[PlyCount "60"]
[EventDate "2020.02.05"]
[EventCountry "IND"]
[SourceTitle "playchess.com"]
[Source "ChessBase"]
[SourceQuality "1"]

{[%evp 13,60,59,66,49,66,60,64,53,58,58,52,45,79,62,80,70,63,48,70,0,0,-95,-79,-85,-74,-87,-85,-108,-104,-175,-163,-188,-127,-138,-130,-137,-94,-106,0,0,0,0,0,0,0,0,0,0,-14]} 1. e4 e5 2. Nf3 Nc6 3. Bb5 a6 4. Ba4 d6 5. O-O Bg4 6. h3 h5 7. Bxc6+ bxc6 8. d4 {C72: Ruy Lopez: Deferred Steinitz: 5 0-0.} Bxf3 $1 9. Qxf3 exd4 10. Rd1 {White is slightly better.} c5 11. c3 Qf6 12. Qd3 {[#]} Ne7 $146 ({Predecessor:} 12... g6 13. cxd4 cxd4 14. Qc4 c5 15. Qa4+ Ke7 16. Qc6 Rd8 17. Qxa6 Qe6 18. b4 Nf6 {0-1 (41) Nazarova,A-Psakhie,G (1854) ICCF email 2009}) 13. Qc2 c6 14. cxd4 cxd4 15. Nd2 g5 $1 16. Nc4 (16. Nf3 $14 g4 17. Nxd4) 16... Bg7 $11 17. f4 (17. Re1 $11) 17... gxf4 $17 18. Rf1 Bh6 19. Bd2 O-O 20. Qd1 d5 21. e5 {[#]} (21. exd5 $17 Nxd5 22. Qxh5) 21... Qf5 $1 $19 22. Na5 Rab8 ({Don't do} 22... Qxe5 23. Bb4 $17) (22... Rfc8 $19 23. Rc1 d3) 23. b4 $17 Rfc8 ({Resist} 23... Qxe5 24. Re1 $17) 24. Rc1 Kh7 ({But not} 24... Qxe5 $6 25. Re1 $11) 25. Qf3 {[%cal Rd2f4] [#]} Qxe5 (25... d3 $1 $17 26. Kh1 h4) 26. Rce1 $11 {The position is equal.} Qf6 27. Bxf4 Bxf4 28. Qxf4 Qxf4 29. Rxf4 Ng6 30. Rxf7+ Kh6 {Accuracy: White = 82%, Black = 72%.} 1/2-1/2

[Event "40th IND-chT Open 2020"]
[Site "Ahmedabad"]
[Date "2020.02.11"]
[Round "7.4"]
[White "Gokhale, Chandrashekhar"]
[Black "Sengupta, Deep"]
[Result "1/2-1/2"]
[WhiteElo "2158"]
[BlackElo "2534"]
[Annotator "TA"]
[PlyCount "74"]
[EventDate "2020.02.05"]
[EventCountry "IND"]
[SourceTitle "playchess.com"]
[Source "ChessBase"]
[SourceQuality "1"]

{[%evp 9,74,0,11,-3,0,-4,0,0,1,-22,-1,-8,0,-3,0,0,0,-38,10,1,7,0,5,-34,-27,-35,-11,-26,-11,-31,0,-17,0,0,0,-57,-40,-113,0,0,0,0,0,0,0,0,0,0,67,74,75,0,0,0,0,0,0,0,0,0,0,0,0,0,0,0,0]} 1. Nf3 c5 2. g3 g6 3. Bg2 Bg7 4. O-O Nc6 5. d3 d6 6. c4 {A04: Unusual lines after 1 Nf3 and King's Indian Attack.} e6 $1 {[%mdl 4] is currently scoring better than 6...e5.} 7. Nc3 Nge7 8. Bd2 O-O 9. Qc1 Nf5 10. a3 Qd7 11. Rb1 b6 12. b4 {Strongly threatening b5.} Bb7 {[#]} 13. bxc5 $146 ({Predecessor:} 13. e3 Rac8 14. b5 Ne5 15. Nxe5 Bxe5 16. e4 Nd4 17. Bh6 Rfe8 18. Qd2 Ra8 19. Ne2 a6 20. Nxd4 Bxd4 {0-1 (37) Ma,Q (2613)-Wang,Y (2718) China 2016}) 13... bxc5 14. Ne4 Rab8 15. e3 Nfe7 16. Ne1 f5 17. Nc3 g5 18. f4 gxf4 19. gxf4 e5 20. Nd5 exf4 21. Nxf4 Ne5 22. Bc3 ({White should play} 22. Qc2 $11) 22... Bxg2 $15 23. Nexg2 {[#]} (23. Rxb8 $15 Rxb8 24. Nexg2) 23... N7g6 ({Black should try} 23... Nxd3 $1 $17 {[%mdl 512]} 24. Qd2 (24. Nxd3 Rxb1) 24... Bxc3 25. Qxd3 Be5 26. Rxb8 Rxb8) 24. Qc2 Rxb1 25. Rxb1 Ng4 {next ...Nxe3! is good for Black.} 26. Nd5 Bxc3 27. Qxc3 (27. Nxc3 Qe7 $17) 27... N6e5 28. h3 Nf3+ (28... Nxe3 $11 29. Ndxe3 (29. Ngxe3 f4 $11) 29... f4) 29. Kf1 $14 Nge5 30. Rb8 (30. Ngf4 $16) 30... Qg7 {The position is equal.} ({Much worse is} 30... Nh2+ $6 31. Kg1 $16) 31. Rxf8+ Kxf8 32. Qa5 {[#] Black must now prevent Qd8+.} Nh2+ 33. Kg1 {And now Qd8+ would win.} Nef3+ $1 34. Kf2 $1 {Hoping for Qd8+.} Qb2+ 35. Kg3 Qg7+ 36. Kf2 {aiming for Qd8+.} Qb2+ 37. Kg3 Qg7+ {Accuracy: White = 78%, Black = 84%.} 1/2-1/2

[Event "40th IND-chT Open 2020"]
[Site "Ahmedabad"]
[Date "2020.02.11"]
[Round "7.5"]
[White "Erigaisi Arjun"]
[Black "Puranik, Abhimanyu"]
[Result "1/2-1/2"]
[WhiteElo "2563"]
[BlackElo "2597"]
[Annotator "TA"]
[PlyCount "100"]
[EventDate "2020.02.05"]
[EventCountry "IND"]
[SourceTitle "playchess.com"]
[Source "ChessBase"]
[SourceQuality "1"]

{[%evp 15,100,16,19,17,35,0,0,0,0,2,22,0,58,70,53,0,6,7,0,5,37,48,52,44,48,64,65,53,63,43,59,37,92,85,92,92,105,100,105,62,62,62,62,8,8,8,8,8,85,85,85,85,85,85,85,85,85,85,85,85,85,85,85,85,85,85,85,85,85,85,85,85,85,85,85,85,85,85,85,37,37,0,0,8,37,37,37]} 1. d4 Nf6 2. c4 g6 3. Nc3 d5 4. cxd5 Nxd5 5. e4 Nxc3 6. bxc3 Bg7 7. Qa4+ Nd7 8. Nf3 O-O 9. Be2 {D85: Exchange Grünfeld: Unusual White 7th moves and lines with 7 Nf3.} Nb6 10. Qa5 Bg4 11. O-O {[#] The position is equal.} Bxf3 $146 ({Predecessor:} 11... Qc8 12. h3 Bxf3 13. Bxf3 e5 14. d5 c6 15. Rb1 Re8 16. d6 Bf8 17. Bg4 Qd8 {½-½ (31) Maghsoodloo,P (2674)-Paravyan,D (2629) Caleta 2020}) 12. Bxf3 c5 13. Qxc5 Rc8 (13... Na4 $1 $11 14. Qb4 Nxc3) 14. Qa5 $14 Rxc3 15. Be3 ({Much worse is} 15. Qxa7 Qc7 $15) (15. Rd1 $14 Rc4 16. Qxa7) 15... Bxd4 16. Bxd4 Qxd4 17. Qxa7 Qc5 18. Rab1 $36 {[%mdl 2048] White is more active.} Nd7 19. Rxb7 Ra3 20. Qxc5 Nxc5 21. Rxe7 Rxa2 22. h4 Rfa8 23. e5 R2a7 ({Black should try} 23... Rd8 $14) 24. Bxa8 $16 Rxe7 {[%mdl 4096] Endgame KRB-KRN} 25. f4 Rd7 26. Bf3 Rd4 27. g3 (27. Rc1 {keeps more tension.} Ne6 28. g3 Rd2 29. Kf1 Nd4 30. Ba8) 27... Ne4 28. Bxe4 Rxe4 $14 {KR-KR} 29. g4 ({White should play} 29. Kg2 $14) 29... h6 $11 30. g5 hxg5 31. hxg5 Kf8 (31... Re2 $1 $11 {keeps the balance.}) 32. Kg2 $16 Ke7 33. Kf3 Ra4 34. Rd1 Ra2 35. Ke4 Ra5 36. Rd4 Ra1 37. Rb4 Re1+ 38. Kd3 Rd1+ 39. Ke3 Re1+ 40. Kd2 Rf1 41. Ke2 Ra1 42. Rb7+ Ke6 {[#]} 43. Rb6+ $1 Ke7 44. Rf6 Ra2+ 45. Kd3 Ra3+ 46. Kd4 Ra4+ 47. Kc5 Ra5+ 48. Kb4 Rd5 49. Kc3 Rd8 50. Kc4 Ra8 {Accuracy: White = 84%, Black = 86%.} 1/2-1/2

[Event "40th IND-chT Open 2020"]
[Site "Ahmedabad"]
[Date "2020.02.11"]
[Round "7.6"]
[White "Visakh N R"]
[Black "Harsha Bharathakoti"]
[Result "1/2-1/2"]
[WhiteElo "2518"]
[BlackElo "2495"]
[Annotator "TA"]
[PlyCount "121"]
[EventDate "2020.02.05"]
[EventCountry "IND"]
[SourceTitle "playchess.com"]
[Source "ChessBase"]
[SourceQuality "1"]

{[%evp 17,121,32,39,39,37,29,43,24,36,31,40,30,33,22,45,26,31,25,38,27,20,20,35,-16,16,0,43,37,35,34,41,37,89,45,46,41,43,29,30,31,29,28,30,27,85,89,85,87,113,105,135,141,127,136,209,222,183,99,112,0,100,50,62,16,16,18,23,16,16,16,16,16,16,8,56,56,56,56,56,56,56,56,56,8,56,56,56,8,8,8,8,8,8,8,8,8,8,8,8,8,8,8,8,0,8,8]} 1. d4 d5 2. c4 dxc4 3. e4 Nf6 4. e5 Nd5 5. Bxc4 Nb6 6. Bd3 Nc6 7. Ne2 Bg4 8. f3 Be6 {8...Be6 was played by the boomers.} 9. Nbc3 {[%cal Bb1c3,Bc3e4,Be4c5][%mdl 32]} Qd7 {9...Bc4 is not played anymore.} 10. Ne4 {D20: Queen's Gambit Accepted: 3 e3 and 3 e4.} Bd5 11. Nc5 Qc8 12. a3 {White is slightly better.} e6 13. Qc2 Bxc5 14. Qxc5 Qd7 15. O-O {[#]} Ne7 $146 ({Predecessor:} 15... a6 16. Qc2 Ne7 17. Be3 Bc6 18. Bf2 Ba4 19. b3 Bb5 20. Be4 Nbd5 21. Rfc1 f5 22. exf6 gxf6 {1-0 (61) Wojtaszek,R (2736)-Zhang,Z (2637) Baku 2016}) 16. Bd2 Bc6 17. b3 O-O 18. Kh1 Nf5 19. a4 Nd5 20. Rae1 (20. Rfc1 $14) 20... Rad8 21. Bg5 f6 22. exf6 gxf6 23. Bxf5 {Black must now prevent Bh6.} exf5 24. Bd2 Kh8 (24... Qd6 $14) 25. Qc1 Rg8 26. Ng3 f4 27. Bxf4 Nxf4 28. Qxf4 Qxd4 29. Qxc7 Rd7 30. Ne2 $1 Rxc7 (30... Qd5 $11 31. Qf4 Qg5 32. Qxg5 fxg5) 31. Nxd4 $16 Bd5 32. Re3 Rgc8 33. h3 Kg7 34. Kh2 Rd7 35. Rd1 Kf8 {[#]} (35... Kg6 $16 {might work better.} 36. Ne2 Kf7) 36. Red3 $1 $18 Rcd8 {[#]} 37. Ne2 ({White should try} 37. Nb5 $1 $18) 37... Be6 $16 38. Nd4 (38. Rxd7 $16 Rxd7 39. Rd4) 38... Bf7 (38... Bd5 $1 $11 {remains equal.}) 39. Kg3 a5 40. Kf2 (40. Kf4 {with more complications.} Kg8 41. Ke3 Re8+ 42. Kf2 Red8 43. R3d2) 40... Bxb3 $1 41. Rxb3 Rxd4 42. Rxd4 Rxd4 43. Rxb7 $11 {[%mdl 4096] Endgame KR-KR} Kg8 $1 44. Ra7 Rxa4 45. g4 h5 46. gxh5 Rh4 $1 47. Rxa5 {aiming for Kg3.} Rxh3 48. Kg2 Rh4 49. Kg3 Rh1 50. Kg4 Kg7 51. Ra7+ Kh6 52. Rf7 Rxh5 {The position is equal.} 53. Rxf6+ Kg7 54. Rf5 (54. Ra6 {keeps more tension.} Rh1 55. Kf5 Rh5+ 56. Ke4 Rh1 57. f4) 54... Rh1 55. Ra5 Rb1 56. Kg5 Rb6 57. f4 Rc6 58. Ra7+ Kf8 59. Ra8+ Kf7 60. Ra7+ Kf8 61. f5 {Accuracy: White = 81%, Black = 77%.} 1/2-1/2

[Event "40th IND-chT Open 2020"]
[Site "Ahmedabad"]
[Date "2020.02.11"]
[Round "7.7"]
[White "Rahul Srivatshav P"]
[Black "Harshavardhan G B"]
[Result "1-0"]
[WhiteElo "2474"]
[BlackElo "2377"]
[Annotator "TA"]
[PlyCount "43"]
[EventDate "2020.02.05"]
[EventCountry "IND"]
[SourceTitle "playchess.com"]
[Source "ChessBase"]
[SourceQuality "1"]

{[%evp 9,43,38,58,39,52,63,62,29,41,20,32,0,0,0,86,78,109,85,122,137,138,92,451,216,818,811,29986,29987,29992,29986,29986,29987,29987,29988,29988,29989]} 1. d4 Nf6 2. c4 c5 3. d5 b5 4. cxb5 a6 5. bxa6 g6 6. Nc3 {A58: Benko/Volga Gambit: Lines with 5 bxa6.} Bg7 7. e4 O-O 8. e5 {White is slightly better.} Ne8 9. Nf3 {9.h4 is more advanced technology.} d6 10. e6 fxe6 11. h4 $36 {[%mdl 2048] [#] White is pushing.} h6 $146 (11... Nf6 $11) ({Predecessor:} 11... e5 12. Ng5 Nf6 13. Bd3 Nxa6 14. h5 e4 15. Ncxe4 Nb4 16. Bb1 Bf5 17. hxg6 hxg6 18. Nxf6+ Rxf6 {0-1 (82) Salemgareev,T (2381)-Hakobyan,H (2168) St Petersburg 2018}) 12. Bd3 Rf6 13. h5 g5 14. Nxg5 hxg5 15. Bxg5 {Threatens to win with h6.} Bh6 $2 {[%mdl 8192]} (15... Rf5 $16 {is a better chance.} 16. Bxf5 exf5) 16. Qd2 (16. Bxh6 $142 Nxa6 17. Bg6) 16... Bxg5 $2 (16... Bf8 17. Bxf6 exf6) 17. Qxg5+ $18 Kh8 18. Bg6 {White mates.} Kg8 19. Bxe8+ {[%mdl 64] [#] Discovered Attack} Kf8 20. Bg6 Kg7 21. h6+ Kh8 {[#]} 22. Be8 $1 {[%mdl 512] Accuracy: White = 68%, Black = 42%.} 1-0

[Event "40th IND-chT Open 2020"]
[Site "Ahmedabad"]
[Date "2020.02.11"]
[Round "7.8"]
[White "Sai Agni Jeevitesh, J."]
[Black "Girinath, P.D.S."]
[Result "1-0"]
[WhiteElo "2310"]
[BlackElo "2353"]
[Annotator "RC"]
[PlyCount "106"]
[EventDate "2020.02.05"]
[EventCountry "IND"]
[SourceTitle "playchess.com"]
[Source "ChessBase"]
[SourceQuality "1"]
[TimeControl "5400+30"]

1. d4 {[%emt 0:00:00]} d6 {[%emt 0:01:31]} 2. Nf3 {[%emt 0:01:26]} Nf6 {[%emt 0:01:32]} 3. c4 {[%emt 0:00:42]} g6 {[%emt 0:00:22]} 4. e3 {[%emt 0:00:13]} Bg7 {[%emt 0:00:18]} 5. Be2 {[%emt 0:00:02]} O-O {[%emt 0:01:25]} 6. Nc3 {[%emt 0:00:03]} Nbd7 {[%emt 0:01:00]} 7. O-O {[%emt 0:00:20]} e5 {[%emt 0:00:07]} 8. Qc2 {[%emt 0:00:02]} Re8 {[%emt 0:00:59]} 9. Rd1 {[%emt 0:00:02]} e4 {[%emt 0:07:50]} 10. Nd2 {[%emt 0:00:23]} Qe7 {[%emt 0:00:26]} 11. b4 {[%emt 0:00:02]} h5 {[%emt 0:01:15]} 12. Bb2 {[%emt 0:00:02]} Nf8 {[%emt 0:02:14]} 13. Nb3 {[%emt 0:00:45]} N8h7 {[%emt 0:02:55]} 14. d5 {[%emt 0:01:55]} Ng5 {[%emt 0:08:35]} 15. c5 {[%emt 0:04:59]} Bg4 {[%emt 0:08:24]} 16. Nd4 {[%emt 0:04:47]} Bxe2 {[%emt 0:27:08]} 17. Ncxe2 {[%emt 0:16:09]} h4 {[%emt 0:03:16]} 18. h3 {[%emt 0:06:16]} Nh5 {[%emt 0:00:32]} 19. Rac1 {[%emt 0:06:36]} Be5 {[%emt 0:01:16]} 20. cxd6 {[%emt 0:21:44]} cxd6 {[%emt 0:28:55]} 21. Qc7 {[%emt 0:01:24]} f5 {[%emt 0:00:00]} 22. Qxe7 {[%emt 0:07:18]} Rxe7 {[%emt 0:00:00]} 23. Rc2 {[%emt 0:00:28]} f4 {[%emt 0:00:00]} 24. exf4 {[%emt 0:01:23]} Nxf4 {[%emt 0:00:00]} 25. Nxf4 {[%emt 0:00:37]} Bxf4 {[%emt 0:00:00]} 26. Ne2 {[%emt 0:02:10]} Rf8 {[%emt 0:00:00]} 27. Nxf4 {[%emt 0:01:36]} Rxf4 {[%emt 0:00:00]} 28. Rc8+ {[%emt 0:00:32]} Kf7 {[%emt 0:00:00]} 29. Rd8 {[%emt 0:02:36]} e3 {[%emt 0:00:00]} 30. fxe3 {[%emt 0:00:39]} Rf5 {[%emt 0:00:00]} 31. Rxd6 {[%emt 0:02:04]} Rxe3 {[%emt 0:00:00]} 32. Bd4 {[%emt 0:07:24]} Re2 {[%emt 0:00:00]} 33. Bxa7 {[%emt 0:00:57]} Ne4 {[%emt 0:00:34]} 34. Rd7+ {[%emt 0:07:03]} Ke8 {[%emt 0:02:05]} 35. Rh7 {[%emt 0:01:18]} Rh5 {[%emt 0:02:08]} 36. Rxh5 {[%emt 0:01:19]} gxh5 {[%emt 0:00:01]} 37. a4 {[%emt 0:00:51]} Kd7 {[%emt 0:01:19]} 38. a5 {[%emt 0:00:49]} Rc2 {[%emt 0:01:31]} 39. Rd4 {[%emt 0:01:01]} Rc1+ {[%emt 0:01:16]} 40. Kh2 {[%emt 0:00:03]} Re1 {[%emt 0:00:17]} 41. Bc5 {[%emt 0:00:55]} Kd8 {[%emt 0:00:42]} 42. Bb6+ {[%emt 0:00:48]} Kd7 {[%emt 0:00:01]} 43. b5 {[%emt 0:00:37]} Kd6 {[%emt 0:00:28]} 44. a6 {[%emt 0:00:52]} bxa6 {[%emt 0:00:11]} 45. bxa6 {[%emt 0:00:01]} Ng3 {[%emt 0:01:10]} 46. Rxh4 {[%emt 0:00:18]} Nf1+ {[%emt 0:00:08]} 47. Kg1 {[%emt 0:00:00]} Ra1 {[%emt 0:01:01]} 48. Kf2 {[%emt 0:01:02]} Nd2 {[%emt 0:00:14]} 49. a7 {[%emt 0:00:27]} Ra2 {[%emt 0:00:04]} 50. Ke1 {[%emt 0:00:44]} Nb3 {[%emt 0:00:29]} 51. Rxh5 {[%emt 0:00:17]} Nc1 {[%emt 0:00:05]} 52. Rh8 {[%emt 0:00:42]} Nd3+ {[%emt 0:00:05]} 53. Kd1 {[%emt 0:00:28]} Kxd5 {[%emt 0:02:41]} 1-0

[Event "40th IND-chT Open 2020"]
[Site "Ahmedabad"]
[Date "2020.02.11"]
[Round "7.9"]
[White "Vignesh N R"]
[Black "Anadkat Kartavya"]
[Result "1/2-1/2"]
[WhiteElo "2436"]
[BlackElo "2152"]
[Annotator "TA"]
[PlyCount "41"]
[EventDate "2020.02.05"]
[EventCountry "IND"]
[SourceTitle "playchess.com"]
[Source "ChessBase"]
[SourceQuality "1"]

{[%evp 11,41,10,16,0,0,0,0,-12,0,-9,0,-43,-21,-27,0,-127,-127,-120,-120,-117,0,0,0,0,0,0,0,0,0,0,0,0]} 1. e4 e5 2. Nf3 Nf6 3. Nxe5 d6 4. Nf3 Nxe4 5. Nc3 Nxc3 6. dxc3 Be7 7. Qd4 {C42: Petroff Defence: 3 Nxe5 and unusual White 3rd moves.} O-O 8. Be3 Nd7 9. O-O-O Nf6 10. h3 c5 {[#]} 11. Qa4 $146 ({Predecessor:} 11. Qf4 Qa5 12. a3 Be6 13. Bd3 d5 14. Qh4 h6 15. Bxh6 gxh6 16. Qxh6 Ne4 17. Bxe4 dxe4 {0-1 (50) Sedlak,N (2519)-Ilincic,Z (2520) Sombor 2004}) 11... Qc7 12. Bg5 Be6 13. Qh4 (13. Qf4 $1 $11) 13... h6 $17 ({Inferior is} 13... Bxa2 14. Bd3 $16) 14. Bxh6 gxh6 15. Qxh6 {[#]} d5 (15... Ne4 $1 $17 16. h4 (16. Bd3 d5 $17) 16... d5) 16. Qg5+ $11 {The position is equal.} Kh7 {White must now prevent ...Ne4.} 17. Qh4+ $1 Kg7 {And now ...Ne4 would win.} (17... Kg8 $5 18. Qg5+ $8 Kh8 $11) 18. Qg5+ Kh7 19. Qh4+ $1 Kg7 {[#] aiming for ...Ne4.} (19... Kg8 $5 20. Qg5+ $8 Kh8 $11) 20. Qg5+ Kh7 {Strongly threatening ...Ne4.} 21. Qh4+ $1 {Accuracy: White = 79%, Black = 83%.} 1/2-1/2